00258nam a2200097 a 450000500170000000800410001705000170005824500200007544000340009565000310012920140414131844.0100524s19uu xx 00 eng d aM 220.9bJ78 aJoseph's dream. aFamous stories from the Bible aJosephxbiblical character